000 00851nam a2200265 a 4500
008
020 _a0201311321 (pbk.)
049 _aMAIN
090 _aQC21.2 YOU
100 1 _aYoung, Hugh D.
245 1 0 _aUniversity physics.
_pExtended version with modern physics /
_cHugh D. Young, Roger A. Freedman ; contributing authors, T. R. Sandin, A. Lewis Ford.
250 _a9th ed.
260 _aReading, Mass. :
_bAddison-Wesley,
_cc1996.
300 _axix, 1484 p. :
_bcol. ill. ;
_c27 cm.
440 0 _aAddison-Wesley series in physics.
500 _aIncludes index.
500 _aAlso issued in two volumes.
650 0 _aPhysics.
700 1 _aFreedman, Roger A.
907 _a.b10095469
_b19-03-12
_c24-11-03
003
005 20230120153116.0
040 _cNUST
942 _cBOOKS
_kQC21.2 YOU
999 _c98923
_d98923